MUHAMMAD ALI : (Record no. 204297)

MARC details
000 -LEADER
fixed length control field 01019nam a2200313 i 4500
003 - CONTROL NUMBER IDENTIFIER
control field OSt
005 - DATE AND TIME OF LATEST TRANSACTION
control field 20260517164146.0
008 - FIXED-LENGTH DATA ELEMENTS--GENERAL INFORMATION
fixed length control field 260517t20242024-uso gr 001 0beng d
020 ## - INTERNATIONAL STANDARD BOOK NUMBER
International Standard Book Number 9781399047265
Terms of availability RM129.90
Qualifying information hardback
040 ## - CATALOGING SOURCE
Original cataloging agency PPAK
Language of cataloging eng
Transcribing agency PPAK
Description conventions rda
082 04 - DEWEY DECIMAL CLASSIFICATION NUMBER
Edition number 23
Classification number 796.83092
090 00 - LOCALLY ASSIGNED LC-TYPE CALL NUMBER (OCLC); LOCAL CALL NUMBER (RLIN)
Classification number (OCLC) (R) ; Classification number, CALL (RLIN) (NR) 796.83092
Feature heading OAT
Feature heading G
100 1# - MAIN ENTRY--PERSONAL NAME
Personal name Oates, Ralph,
Relator term author.
245 10 - TITLE STATEMENT
Title MUHAMMAD ALI :
Remainder of title The Man Who Changed Boxing /
Statement of responsibility, etc. Ralph Oates
264 #1 - PRODUCTION, PUBLICATION, DISTRIBUTION, MANUFACTURE, AND COPYRIGHT NOTICE
Place of production, publication, distribution, manufacture Philadelphia, United States :
Name of producer, publisher, distributor, manufacturer PEN AND SWORD WHITE OWL,
Date of production, publication, distribution, manufacture, or copyright notice 2024
Date of production, publication, distribution, manufacture, or copyright notice ©2024
300 ## - PHYSICAL DESCRIPTION
Extent xviii, 150 pages :
Other physical details photographs ;
Dimensions 24 cm
336 ## - CONTENT TYPE
Content type term text
Source rdacontent
337 ## - MEDIA TYPE
Media type term unmediated
Source rdamedia
338 ## - CARRIER TYPE
Carrier type term volume
Source rdacarrier
500 ## - GENERAL NOTE
General note Includes index.
504 ## - BIBLIOGRAPHY, ETC. NOTE
Bibliography, etc. note Bibliography: page 143.
600 10 - SUBJECT ADDED ENTRY--PERSONAL NAME
Personal name Ali, Muhammad,
Dates associated with a name 1942-2016.
650 10 - SUBJECT ADDED ENTRY--TOPICAL TERM
Topical term or geographic name entry element Boxers (Sports)
Geographic subdivision United States
Form subdivision Biography
Topical term or geographic name entry element Boxers (Sports)
Topical term or geographic name entry element Boxing
Topical term or geographic name entry element African Americans
Form subdivision Biography
942 ## - ADDED ENTRY ELEMENTS (KOHA)
Source of classification or shelving scheme Dewey Decimal Classification
Koha item type Book

No items available.